Prontuario de metales tablas para la industria metalúrgica: materiales, números, formas

সংরক্ষণ করুন:
গ্রন্থ-পঞ্জীর বিবরন
প্রধান লেখক: Jütz, Hermann (Author), Scharkus, Eduard (Author), Lobert, Rolf (Author)
বিন্যাস: গ্রন্থ
ভাষা:স্প্যানিশ
প্রকাশিত: Ciudad de México Reverté 2004
সংস্করন:3a. ed
বিষয়গুলি:
ট্যাগগুলো: ট্যাগ যুক্ত করুন
কোনো ট্যাগ নেই, প্রথমজন হিসাবে ট্যাগ করুন!

MARC

LEADER 00000cam a2200000 a 4500
001 UCE6077
003 CL-VaPUC
008 150319e20040000mx |||||||||||||||||spa|d
020 |a 9789686708080 
082 0 4 |a 669.0021   |b JUT  |2 21 
100 |a Jütz, Hermann  |e author  |9 578748 
700 0 |a Scharkus, Eduard  |e author  |9 578749 
700 0 |a Lobert, Rolf  |e author  |9 578750 
245 1 0 |a Prontuario de metales tablas para la industria metalúrgica: materiales, números, formas 
250 |a 3a. ed 
300 |a 187 p 
942 |c BK 
945 |d 20150319 12:57:00  |a arojas 
260 |a Ciudad de México  |b Reverté  |c 2004 
650 7 |a METALES TABLAS  |2 CL-VaPUC  |9 271793 
650 7 |a METALURGIA TABLAS  |2 CL-VaPUC  |9 271794 
583 |a last modification  |c 20150319 12:57:00  |k Rodrigo Vera 
999 |c 358545  |d 358543